000 00833nam a2200229Ia 4500
003 GCL
008 140319s9999 xx 000 0 ara d
040 _aGCL /
_cGCL
082 0 4 _aق
_b962.16
_bم م
100 1 _aمحمد حسام الدين اسماعيل
245 1 0 _aمدينة القاهرة : من ولاية محمد على الى اسماعيل /
_cمحمد حسام الدين اسماعيل
300 _a492 ص
490 _aالهيئة العامة للاستعلامات
_v0
650 0 4 _aالعصر الحديث
650 0 4 _aمصر
650 0 4 _aتاريخ
650 0 4 _aالقاهرة
650 0 4 _aالقاهرة - شوارع
650 0 4 _aالقاهرة - احياء وضواحى
650 0 4 _aمصر - تاريخ - العصر الحديث - عصر اسماعيل ( 1863-1879 م )
942 _2ddc
_cBK
999 _c47701
_d47701